| 000 | 00608nam a2200217Ia 4500 | ||
|---|---|---|---|
| 999 |
_c41152 _d41152 |
||
| 001 | 7802 | ||
| 003 | GE_BSU | ||
| 005 | 20220926121710.0 | ||
| 008 | 181216s2007||||en |||||||||||||| ||eng|| | ||
| 020 | _a9781580086639 | ||
| 040 | _cGE_BSU | ||
| 041 | _aeng | ||
| 080 | _a640+647 F-50 | ||
| 100 |
_aFielos,Roger _914792 |
||
| 245 |
_aRestaurant Success,By the number / _cRoger Fielos |
||
| 264 |
_aNew York : _bTen speed Press, _c2007. |
||
| 300 |
_a244p. : _c 23 cm. |
||
| 653 | _aRestaurant Success,By the number | ||
| 653 | _aრესტორნის წარმატება | ||
| 942 |
_cBK _2udc |
||